Data Mining : (Record no. 1137)

MARC details
000 -LEADER
Fixed length control field 00641nam a2200205 4500
003 - CONTROL NUMBER IDENTIFIER
Control field SEACOMEC
005 - DATE AND TIME OF LATEST TRANSACTION
Control field 20241104154131.0
008 - FIXED-LENGTH DATA ELEMENTS--GENERAL INFORMATION
Fixed length control field 240517b |||||||| |||| 00| 0 eng d
020 ## - INTERNATIONAL STANDARD BOOK NUMBER / ISBN
International Standard Book Number 9780080477022
Price 395.00
040 ## - CATALOGING SOURCE
Original cataloging agency SEACOMEC
082 ## - DEWEY DECIMAL CLASSIFICATION NUMBER
Classification number 004.5
Book Number W829
100 ## - MAIN ENTRY--PERSONAL NAME
Personal name Witten, Ian H.
245 ## - TITLE STATEMENT
Title Data Mining :
Sub title Practical Machine Learning Tools and Techniques,/
Statement of responsibility Ian H. Witten, and Eibe Frank
250 ## - EDITION STATEMENT
Edition statement 2nd ed
260 ## - IMPRINT
Place of publication New Delhi
Name of publisher Morgan Kaufmann
Date of publication C2005
300 ## - PHYSICAL DESCRIPTION
Page / Vol. No xxxi, 524 p. ill
440 ## - SERIES STATEMENT
Series Title The Morgan Kaufmann Series in Data Management Systems
650 ## - SUBJECT ADDED ENTRY--TOPICAL TERM
Topical term Computers - Artificial Intelligence
942 ## - ADDED ENTRY ELEMENTS (KOHA)
Koha item type Books
Holdings
Withdrawn status Lost status Source of classification Damaged status Not for loan Home library Current library Date acquired Total Checkouts Call number Accession number Date last seen Price effective from Koha item type Copy number
    Dewey Decimal Classification     SEACOM ENGINEERING COLLEGE SEACOM ENGINEERING COLLEGE 17/05/2024   004.5 W829 5455 17/05/2024 17/05/2024 Books  
    Dewey Decimal Classification     SEACOM ENGINEERING COLLEGE SEACOM ENGINEERING COLLEGE 06/09/2006   004.5 W829 5456 17/05/2024 17/05/2024 Books 1
    Dewey Decimal Classification     SEACOM ENGINEERING COLLEGE SEACOM ENGINEERING COLLEGE 24/07/2007   004.5 W829 7737 04/11/2024 04/11/2024 Books 2
    Dewey Decimal Classification     SEACOM ENGINEERING COLLEGE SEACOM ENGINEERING COLLEGE 24/07/2007   004.5 W829 7738 04/11/2024 04/11/2024 Books 3
    Dewey Decimal Classification     SEACOM ENGINEERING COLLEGE SEACOM ENGINEERING COLLEGE 24/07/2007   004.5 W829 7739 04/11/2024 04/11/2024 Books 4
© Seacom Engineering College, All rights reserved.      Powered by Koha